=LDR 00000nam 2200000 4500 =001 INLIS000000000012574 =005 20130612104100 =008 ***********************************Ind** =035 ##$$0010-061300000012574 =041 ##$$a Ind =082 ##$$a 417.2 =090 ##$$a 417.2, Aya d =100 ##$$a Ayatrohaedi =245 ##$$a Dialektologi, Ayatrohaedi =260 ##$$a 1979 $b Jakarta =300 ##$$a 65 hlm., 21 cm =650 ##$$a Dialek =850 ##$$a NBPNMAT =990 ##$$a 00031231